Muajamul Arabic-Urdu Dictionary (Record no. 1391)

MARC details
000 -LEADER
fixed length control field 00651nam a2200241 a 4500
020 ## - INTERNATIONAL STANDARD BOOK NUMBER
ISBN
082 00 - DEWEY DECIMAL CLASSIFICATION NUMBER
Classification number 492.7391439
Author Cutter VER
100 ## - MAIN ENTRY--AUTHOR NAME
Author name Vertebot, William Tomson
245 ## - TITLE STATEMENT
Title Muajamul Arabic-Urdu Dictionary
260 ## - PUBLICATION, DISTRIBUTION, ETC. (IMPRINT)
Place of publication Lahore
Name of publisher Punjab Advisory Board for Books
Year of publication 1938
300 ## - PHYSICAL DESCRIPTION
Number of Pages 1227p
500 ## - GENERAL NOTE
General note includes index and biblioraphy
505 2# - FORMATTED CONTENTS NOTE
Formatted contents note pages in Vol start from 361 to 920
650 ## - SUBJECT ADDED ENTRY--TOPICAL TERM
Topical Term Dictionary-Arabic Urdu
942 ## - ADDED ENTRY ELEMENTS (KOHA)
Koha item type Books
700 1# -
-- Vertebot, William Tomson
Holdings
Collection code Home library Current library Date acquired Cost, normal purchase price Full call number Accession Number Koha item type
  Henry Martyn Institute Library Henry Martyn Institute Library 06/07/2007 100.00 492.7391439 VER 00238 Books
                   Copyright © 2026 | Henry Martyn Institute | Hyderabad | TS-500052 | INDIA | Implemented by hmi.edu.in
Hit-Count:

Powered by Koha